|
|
|
|
| LEADER |
00000nam0a2200000 4500 |
| 001 |
90691 |
| 005 |
20231031103655.0 |
| 035 |
|
|
|a (RuTPU)RU\TPU\book\97246
|
| 090 |
|
|
|a 90691
|
| 100 |
|
|
|a 20060214d1986 k y0rusy50 ca
|
| 101 |
0 |
|
|a rus
|
| 102 |
|
|
|a RU
|
| 105 |
|
|
|a a z 001zy
|
| 200 |
1 |
|
|a Базальты Сибирской платформы
|a Особенности геологии, состава и генезиса пермотриасовых эффузивов
|f В. В. Золотухин, А. М. Виленский, О. А. Дюжиков
|
| 210 |
|
|
|a Новосибирск
|c Наука
|d 1986
|
| 215 |
|
|
|a 246 с.
|c ил.
|
| 225 |
1 |
|
|a Труды Института геологии и геофизики
|v Вып. 612
|
| 320 |
|
|
|a Библиогр.: с. 209-216.
|
| 610 |
1 |
|
|a базальты
|
| 610 |
1 |
|
|a Сибирская платформа
|
| 610 |
1 |
|
|a состав
|
| 610 |
1 |
|
|a генезис
|
| 610 |
1 |
|
|a геология
|
| 610 |
1 |
|
|a состав
|
| 675 |
|
|
|a 552.323.5
|v 3
|
| 700 |
|
1 |
|a Золотухин
|b В. В.
|g Валерий Васильевич
|
| 701 |
|
1 |
|a Виленский
|b А. М.
|g Аркадий Михайлович
|
| 701 |
|
1 |
|a Дюжиков
|b О. А.
|g Олег Акимович
|
| 801 |
|
1 |
|a RU
|b 63413507
|c 20060214
|g PSBO
|
| 801 |
|
2 |
|a RU
|b 63413507
|c 20141226
|g PSBO
|
| 942 |
|
|
|c BK
|